| 000 | nam a22 a 4500 | ||
|---|---|---|---|
| 999 |
_c1522 _d1522 |
||
| 005 | 20170509164934.0 | ||
| 008 | 170509b1990 - ||||| |||| 00| 0 eng d | ||
| 020 | _a0380704374 | ||
| 040 | _aAKMAL | ||
| 082 | _a306.0973 NAI | ||
| 090 |
_a306.0973 _bNAI |
||
| 245 |
_aMEGATREATS 2000 _bTEN NEW DIRECTIONS FOR THE 1990'S _cJOHN NAISBITT & PATRICIA ABURDENCE |
||
| 260 |
_aUNITED STATES OF AMERICA _bMEGATRENDS, LTD. _c1990 |
||
| 300 |
_a416pg,; _c20 cm |
||
| 942 |
_2ddc _cBOOK |
||